Byzantine monuments of Istanbul / (Record no. 353065)
[ view plain ]
| 000 -LEADER | |
|---|---|
| fixed length control field | 01151 a2200277 4500 |
| 003 - CONTROL NUMBER IDENTIFIER | |
| control field | OSt |
| 005 - DATE AND TIME OF LATEST TRANSACTION | |
| control field | 20180116192354.0 |
| 008 - FIXED-LENGTH DATA ELEMENTS--GENERAL INFORMATION | |
| fixed length control field | 120612t xxu||||| |||| 00| 0 eng d |
| 010 ## - LIBRARY OF CONGRESS CONTROL NUMBER | |
| LC control number | 2003058438 |
| 020 ## - INTERNATIONAL STANDARD BOOK NUMBER | |
| International Standard Book Number | 0521772575 |
| 020 ## - INTERNATIONAL STANDARD BOOK NUMBER | |
| International Standard Book Number | 9780521179058 |
| 040 ## - CATALOGING SOURCE | |
| Transcribing agency | 0 |
| 082 00 - DEWEY DECIMAL CLASSIFICATION NUMBER | |
| Classification number | 720.9496180902 |
| 100 1# - MAIN ENTRY--PERSONAL NAME | |
| Personal name | Freely, John. |
| 9 (RLIN) | 4496 |
| 245 10 - TITLE STATEMENT | |
| Title | Byzantine monuments of Istanbul / |
| Statement of responsibility, etc. | John Freely, Ahmet S. Çakmak. |
| 260 ## - PUBLICATION, DISTRIBUTION, ETC. | |
| Place of publication, distribution, etc. | Cambridge ; |
| -- | New York : |
| Name of publisher, distributor, etc. | Cambridge University Press, |
| Date of publication, distribution, etc. | 2004. |
| 300 ## - PHYSICAL DESCRIPTION | |
| Extent | xvii, 322 p. : |
| Other physical details | ill. (some col.), maps ; |
| Dimensions | 29 cm. |
| 650 10 - SUBJECT ADDED ENTRY--TOPICAL TERM | |
| Topical term or geographic name entry element | Architecture, Byzantine |
| Geographic subdivision | Turkey |
| -- | Istanbul. |
| 9 (RLIN) | 4497 |
| 651 10 - SUBJECT ADDED ENTRY--GEOGRAPHIC NAME | |
| Geographic name | Istanbul (Turkey) |
| General subdivision | Buildings, structures, etc. |
| 9 (RLIN) | 4498 |
| 700 1# - ADDED ENTRY--PERSONAL NAME | |
| Personal name | Cakmak, A. S. |
| 9 (RLIN) | 4499 |
| 856 42 - ELECTRONIC LOCATION AND ACCESS | |
| Materials specified | Publisher description |
| Uniform Resource Identifier | <a href="http://www.loc.gov/catdir/description/cam032/2003058438.html">http://www.loc.gov/catdir/description/cam032/2003058438.html</a> |
| 856 42 - ELECTRONIC LOCATION AND ACCESS | |
| Materials specified | Table of contents |
| Uniform Resource Identifier | <a href="http://www.loc.gov/catdir/toc/cam032/2003058438.html">http://www.loc.gov/catdir/toc/cam032/2003058438.html</a> |
| 856 42 - ELECTRONIC LOCATION AND ACCESS | |
| Materials specified | Contributor biographical information |
| Uniform Resource Identifier | <a href="http://www.loc.gov/catdir/enhancements/fy1001/2003058438-b.html">http://www.loc.gov/catdir/enhancements/fy1001/2003058438-b.html</a> |
| 942 ## - ADDED ENTRY ELEMENTS (KOHA) | |
| Institution code [OBSOLETE] | SADA |
| Koha item type | Book |
| Call number prefix | 720.9496180902 FRE 2004 |
| Source of classification or shelving scheme | |
| Withdrawn status | Lost status | Source of classification or shelving scheme | Damaged status | Not for loan | Permanent Location | Current Location | Date acquired | Total Checkouts | Total Renewals | Full call number | Barcode | Date last seen | Date last checked out | Cost, replacement price | Price effective from | Koha item type |
|---|---|---|---|---|---|---|---|---|---|---|---|---|---|---|---|---|
| School of Art Design and Architecture (SADA) | School of Art Design and Architecture (SADA) | 06/16/2011 | 3 | 1 | 720.9496180902 FRE 2004 | SADA0001300 | 03/11/2016 | 02/25/2016 | 2742.00 | 08/05/2011 | Book |
